01880agaaa2200265 45000010005000000030009000050050017000140070009000310080040000400400023000801000044001031300014001472450153001612500022003142600119003363000031004555080086004865110092005725200708006645380016013726500060013887000056014487000058015047000052015629036IT-RoPAU20220918181249.0d cvaizq50131s9999||||xx ||| | || ||und|| aIT-RoPAUcIT-RoPAU aClair Rene'gCodice regista SPICS: 7985 aENTR'ACTE aENTR'ACTEcProdotto da: De Mare' Rolf -- Sceneggiatura: Picabia Francis -- Diretto da: Clair Rene'pENTR'ACTE (Rif. Codice opera principale : 29036) aEdizione Standard a(FRANCIA)bSENZA EDITRICE O NON IDENTIFICATA / Distribuzione: RAIg"1924 (1° ed.: 1985 ; Ed. Lingua Orig.: 1924)" aVHSbmuto, b&wc310 minuti a"Fotografia: Berliet Jimmy; Musica: Satie Erik; Sceneggiatura: Picabia Francis; " a"Borlin Jean; Ray Man; Duchamp Marcel; Fries Inge; Satie Erik; Picabia Francis; Auric " aCORTOMETRAGGIO MUTO CHE SI RIDUCE A UNA SUCCESSIONE DI GAG VISIVE: UOMINI CHE SALTELLANO ATTORNO A UN CANNONE SUI TETTI DI PARIGI UN BARACCONE DI TIRO A SEGNO UNA BALLERINA BARBUTA GIOCATORI DI SCACCHI UN UOVO IN CIMA A UN GETTO D'ACQUA CONTROLLATO DA UN CACCIATORE COL CAPPELLO ALLA TIROLESE DOPO DI CHE SIAMO INVITATI A UN BURLESCO FUNERALE IL CARRO FUNEBRE E' TIRATO DA UN CAMMELLO LE CORONE SONO FATTE DI PANE IL CORTEO SI MUOVE AL RALLENTATORE MA POI IL RITMO ACCELERA E NE DERIVA UNA FOLLE CORSA CHE SI FERMA IN APERTACAMPAGNA QUANDO LA BARA CADE E SI ROMPE LIBERANDO UN ILLUSIONISTA IN SMOKING CHE CON LA BACCHETTA MAGICA FA SCOMPARIRE TUTTI QUANTI COMPRESO SE STESSO CINEMA AUTOMATICO INTERMEZZO aPAL, STEREO aCORTOMETRAGGIOeFILMS [VHS]xCodice MATERIA SPICS: 9960 aClair Rene' e(regista)gCodice regista SPICS: 7985 aClair Rene' e(soggetto)gCodice Soggetto SPICS: 7985 aSatie Erike(musica)gCodice Musica SPICS: 1590